Denmark : Selected Issues.

Considering the Danske Bank case and in the context of a highly integrated Nordic-Baltic financial sector, this Selected Issues paper compares the money laundering (ML) threats and related supervisory vulnerabilities facing the region's largest economies, highlights Denmark's ongoing effor...

Popoln opis

Bibliografske podrobnosti
Korporativna značnica: International Monetary Fund. European Dept
Format: Revija
Jezik:English
Izdano: Washington, D.C. : International Monetary Fund, 2019.
Serija:IMF Staff Country Reports; Country Report ; No. 2019/179
Online dostop:Full text available on IMF
LEADER 02291cas a2200241 a 4500
001 AALejournalIMF019441
008 230101c9999 xx r poo 0 0eng d
020 |c 5.00 USD 
020 |z 9781498321136 
022 |a 1934-7685 
040 |a BD-DhAAL  |c BD-DhAAL 
110 2 |a International Monetary Fund.  |b European Dept. 
245 1 0 |a Denmark :   |b Selected Issues. 
264 1 |a Washington, D.C. :  |b International Monetary Fund,  |c 2019. 
300 |a 1 online resource (25 pages) 
490 1 |a IMF Staff Country Reports 
500 |a <strong>Off-Campus Access:</strong> No User ID or Password Required 
500 |a <strong>On-Campus Access:</strong> No User ID or Password Required 
506 |a Electronic access restricted to authorized BRAC University faculty, staff and students 
520 3 |a Considering the Danske Bank case and in the context of a highly integrated Nordic-Baltic financial sector, this Selected Issues paper compares the money laundering (ML) threats and related supervisory vulnerabilities facing the region's largest economies, highlights Denmark's ongoing efforts to address those vulnerabilities, notes critical next steps, and provides recommendations aimed at maintaining the country's current momentum for reform. The paper finds that Denmark has taken important steps to strengthen its anti-money laundering and combating the financing of terrorism (AML/CFT) supervision over the last two years-including via amendments to the AML Act, a significant increase in supervisory resources, and a concomitant increase in on-site inspections-and that these steps represent relevant and necessary responses to the ML risks facing Denmark. The key is therefore to maintain and build on the momentum Denmark has already established. The skills of newly hired inspectors will take time to build, the elaboration of a comprehensive institutional risk assessment model and AML/CFT supervisory manual will take time to complete and strengthened working relationships with foreign counterparts will take time to establish and operationalize. 
538 |a Mode of access: Internet 
830 0 |a IMF Staff Country Reports; Country Report ;  |v No. 2019/179 
856 4 0 |z Full text available on IMF  |u http://elibrary.imf.org/view/journals/002/2019/179/002.2019.issue-179-en.xml  |z IMF e-Library